Normal view
MARC view
Entry Personal Name
001 - CONTROL NUMBER
- control field: 48926
003 - CONTROL NUMBER IDENTIFIER
- control field: ARRUPE
005 - DATE AND TIME OF LATEST TRANSACTION
- control field: 20200121092529.0
008 - FIXED-LENGTH DATA ELEMENTS
- fixed length control field: 200121|| aca||aabn | a|a d
040 ## - CATALOGING SOURCE
- Original cataloging agency: ARRUPE
- Transcribing agency: ARRUPE
100 ## - HEADING--PERSONAL NAME
- Personal name: Milton, john
- Titles and other words associated with a name: Criticism
670 ## - SOURCE DATA FOUND
- Source citation: Work cat.: (ARRUPE): Hughes, Arthur Montague D'urban 48925, Milton poetry and prose, 1925